नागपूरकर भोसल्यांची बखर (Record no. 620600)

MARC details
000 -LEADER
fixed length control field 00549nam a2200169Ia 4500
008 - FIXED-LENGTH DATA ELEMENTS--GENERAL INFORMATION
fixed length control field 100917s9999 xx 000 0 und d
082 ## - DEWEY DECIMAL CLASSIFICATION NUMBER
Item number 15206
100 ## - MAIN ENTRY--PERSONAL NAME
Personal name ओक वामन
245 ## - TITLE STATEMENT
Title नागपूरकर भोसल्यांची बखर
260 ## - PUBLICATION, DISTRIBUTION, ETC. (IMPRINT)
Name of publisher, distributor, etc ---
Date of publication, distribution, etc 1807
365 ## - TRADE PRICE
Price amount 0
520 ## - SUMMARY, ETC.
Summary, etc इतिहास
630 ## - SUBJECT ADDED ENTRY--UNIFORM TITLE
Uniform title नागपूरकर भोसल्यांची बखर
650 ## - SUBJECT ADDED ENTRY--TOPICAL TERM
Topical term or geographic name as entry element इतिहास
730 ## - ADDED ENTRY--UNIFORM TITLE
Uniform title नागपूरकर भोसल्यांची बखर
942 ## - ADDED ENTRY ELEMENTS (KOHA)
Koha item type Book
Holdings
Withdrawn status Lost status Damaged status Not for loan Home library Current library Shelving location Date acquired Cost, normal purchase price Total Checkouts Barcode Date last seen Price effective from Koha item type Public note
  Missing from bundle     Pune Marathi Grantha Sangrahalaya Pune Marathi Grantha Sangrahalaya   09/17/2010 0.00   PUNMGS-15206 09/17/2010 09/17/2010 Book गहाळ